| 000 | 00611nam a22002172 4500 | ||
|---|---|---|---|
| 001 | 0000005184 | ||
| 005 | 20151217151955.0 | ||
| 008 | 070608s xx 000 0 eng d | ||
| 020 |
_a8173660336 : _cKES 3,250 |
||
| 040 |
_aKABU _cKABU |
||
| 050 | 0 |
_aTK5105.55 _b.H86 1998 |
|
| 100 | 1 |
_aHunt, Craig. _@0000156334 |
|
| 245 | 1 | 0 | _aTCP/IP network administration. |
| 250 | _a2nd ed. | ||
| 260 |
_aMumbai : _bSPD, _c1998. |
||
| 300 | _axvi, 612 p. | ||
| 650 | 0 |
_aTCP/IP (Computer network protocol) _@0000147962 |
|
| 908 | _a070608 | ||
| 950 | _@1 | ||
| 999 |
_c6893 _d6893 |
||